The Madiba mindset : your own Freedom Charter (Record no. 143282)

MARC details
000 -LEADER
fixed length control field 00296nam a2200097Ia 4500
082 ## - DEWEY DECIMAL CLASSIFICATION NUMBER
Classification number 158 FAIR
008 - FIXED-LENGTH DATA ELEMENTS--GENERAL INFORMATION
fixed length control field 210817s9999 xx 000 0 und d
100 ## - MAIN ENTRY--PERSONAL NAME
Personal name Fairhead, Tyrrel Auckland Park, South Africa, 2011
9 (RLIN) 42045
245 #0 - TITLE STATEMENT
Title The Madiba mindset : your own Freedom Charter
942 ## - ADDED ENTRY ELEMENTS
item type Books
Holdings
Withdrawn status Lost status Damaged status Not for loan Home library Current library Date acquired Cost, normal purchase price Total Checkouts Barcode Date last seen Price effective from item type
        Emakhazeni Main PL (MMID-PLEMA) Emakhazeni Main PL (MMID-PLEMA) 17.08.2021 132.00   33228019914959 17.08.2021 17.08.2021 Books